000 00954nam a2200277Ia 4500
003 OSt
005 20221005110338.0
006 a|||||r|||| 00| 0
007 ta
008 221004b |||||||| |||| 00| 0 hin d
020 _a9788174082909 (hbk)
_cIndian Rupees 100
024 _a41062
037 _bGift, 08/01/2019,
_cTextual
040 _aCRL
_cCRL
_bhin
041 _2hin
_ahin
082 _aO152,1x, P8
100 _aव्रत, विज्ञान, ले.
245 0 _aखिड़की भर आकाश
246 _aKhiड़kī bhar ākāsha
260 _aनई दिल्ली
_bअयन प्रकाशन भारत
_c2008
300 _a257पृ0
_ccm.
650 _a हिन्दी साहित्य
650 _aहिन्दी कविता
942 _hO152,1x, P8
_cTEXL
_2cc
999 _c1018521
_d1018521